Countries Containing Y - Statistics

General Stats
  • This quiz has been taken 93 times
    79 since last reset
  • The average score is 15 of 20
Answer Stats
Answer % Correct
Yemen
94%
Uruguay
90%
Paraguay
89%
Germany
84%
Libya
84%
Syria
83%
Norway
81%
Turkey
81%
Italy
79%
Hungary
75%
Guyana
73%
Kyrgyzstan
70%
Egypt
68%
Malaysia
68%
Myanmar
67%
Cyprus
65%
Ivory Coast
63%
Kenya
63%
Vatican City
59%
Seychelles
52%
No matching quizzes found
Score Distribution
Percent of People with Each Score
Percentile by Number Answered
Your Score History
You have not taken this quiz since the last reset